Quiz o Manchesterze United - Statystyki

Ogólne statystyki
  • Ten quiz został rozwiązany 36 razy
  • Średni wynik to 9 z 15
Statystyki odpowiedzi
Zagadnienie Odpowiedź % Poprawnych
Jaki jest przydomek Manchesteru United? Czerwone Diabły
97%
Jak się nazywa stadion Manchesteru United? Old Trafford
97%
Jak się nazywa trener United w latach 1986-2013 Sir Alex Ferguson
97%
Jaki jest najdroższy transfer wychodzący w historii MU? Cristiano Ronaldo
81%
Kto strzelił gola na 2:1 w doliczonym czasie gry finału Ligi Mistrzów 1999/2000, w którym to United w dramatycznych okolicznościach sięgnęło po drugi puchar Ligi Mistrzów? Ole Gunnar Solskjaer
81%
Gdzie miała miejsce katastrofa 6 lutego 1958 roku, w skutek której życie straciło ośmiu piłkarzy United? Monachium
78%
Jaki jest najdroższy transfer przychodzący w historii United? Paul Pogba
78%
Kto rozegrał najwięcej meczy w barwach Manchesteru United? Ryan Giggs
75%
Kto strzelił najwięcej bramek w historii United? Wayne Rooney
75%
Jaki sponsor obecnie widnieje na koszulce MU? Snapdragon
63%
Kto jest najstarszym strzelcem bramki w historii Manchesteru United? Ryan Giggs
34%
Jaki jest najmłodszy debiutant w historii MU? David Gaskell
22%
Jakie jest najwyższe zwycięstwo w historii Manchesteru United? 10:0 przeciwko Anderlechtowi
16%
Kto jest najmłodszym strzelcem bramki w historii Man Utd? Norman Whiteside
9%
Jaki jest najstarszy zawodnik, który wystąpił w koszulce Manchesteru United Billy Meredith
6%
Nie znaleziono quizów pasujących do podanych kryteriów
Rozkład punktacji
Procent ludzi z każdym wynikiem
Percentyl według liczby udzielonych odpowiedzi
Twoja historia wyników
Nie rozwiązałeś tego quizu